El fascinante mundo de las abejas /
Guardado en:
| Autor Principal: | |
|---|---|
| Formato: | Libro |
| Publicado: |
España :
Parram¢n,
1996
|
| Edición: | 3a. ed. |
| Materias: | |
| Etiquetas: |
Agregar Etiqueta
Sin Etiquetas, Sea el primero en etiquetar este registro!
|
| LEADER | 00484nam a22001815a 4500 | ||
|---|---|---|---|
| 001 | CEM.cems010512 | ||
| 005 | 20060214000000.0 | ||
| 008 | 130507s1996##################000#0#####d | ||
| 003 | CEMS | ||
| 100 | 1 | |a Julivert, María Angeles | |
| 245 | 1 | 0 | |a El fascinante mundo de las abejas / |
| 250 | |a 3a. ed. | ||
| 260 | |a España : |b Parram¢n, |c 1996 | ||
| 300 | |a 30 p. | ||
| 653 | |a Abejas | ||
| 653 | |a Nivel inicial-biblioteca | ||
| 859 | |a CEMS |b BIB. CEMS - 11 de abril |h JARDIN |p 21060.00 |t Ej.1 | ||
